00537nam a2200169Ia 4500008004100000020001800041022001300059040001300072082001200085100002200097245006200119260002800181300002200209500005000231650005300281650003300334191130s1989##################000#0#eng## a9780820408941 a88023447 aACLcACL a193 WIL aWilson, Charles A aFeuerbach and the search for othernesscCharles A. Wilson aBernbPeter Langcc1989 ax, 448 p. ; 23 cm aIncludes bibliographical references and index aDifference (Philosophy) - History - 19th century aFeuerbach, Ludwig, 1804-1872